banner koha

Efeito da aplicacao de nitrogenio via foliar associado a fitohormonio, no desenvolvimento e na producao do feijoeiro (Phaseolus vulgaris L.)cv. Carioca 80 (Registro n. 138960)

MARC details
000 -LÍDER
campo de controle de tamanho fixo 01043nas a2200277 4500
001 - NÚMERO DE CONTROLE
campo de controle BR9211763
003 - IDENTIFICADOR DO NÚMERO DE CONTROLE
campo de controle BR-BrBNA
005 - DATA E HORÁRIO DA ÚLTIMA TRANSAÇÃO
campo de controle 20231205093523.0
007 - CAMPO FIXO DE DESCRIÇÃO FÍSICA--INFORMAÇÃO GERAL
campo de controle de tamanho fixo ta
008 - CAMPO DE DADOS FIXOS--INFORMAÇÃO GERAL
campo de controle de tamanho fixo 230509b bl.|||p| |||| 00| 00por d
040 ## - FONTE DA CATALOGAÇÃO
Instituição da catalogação original BR-BrBNA
Idioma da catalogação por
Instituição que transcreveu o registro Biblioteca Nacional de Agricultura
041 ## - CÓDIGO DE IDIOMA
Código do idioma do texto/trilha sonora ou título diferente (Pt)
072 ## - CÓDIGO DE CATEGORIA DE ASSUNTO
Código de Categoria de Assunto F04; F01
100 1# - ENTRADA PRINCIPAL--NOME PESSOAL
Nome pessoal Teixeira, N.T.
100 1# - ENTRADA PRINCIPAL--NOME PESSOAL
Nome pessoal Bacellar, L.R.
100 1# - ENTRADA PRINCIPAL--NOME PESSOAL
Nome pessoal Stefano, R.
245 1# - TÍTULO
Título Efeito da aplicacao de nitrogenio via foliar associado a fitohormonio, no desenvolvimento e na producao do feijoeiro (Phaseolus vulgaris L.)cv. Carioca 80
246 1# - FORMA VARIANTE DO TÍTULO
Título/título abreviado Effect of nitrogen application by foliar way with growth regulators, to the development and the productivity of bean (Phaseolus vulgaris L.)cv. Carioca 80 culture
650 ## - ASSUNTO--TERMO TÓPICO
Cabeçalho tópico ou nome geográfico FEIJAO
650 ## - ASSUNTO--TERMO TÓPICO
Cabeçalho tópico ou nome geográfico FERTILIZANTE NITROGENADO
650 ## - ASSUNTO--TERMO TÓPICO
Cabeçalho tópico ou nome geográfico ADUBACAO FOLIAR
650 ## - ASSUNTO--TERMO TÓPICO
Cabeçalho tópico ou nome geográfico HORMONIO VEGETAL
773 0# - ENTRADA ANALÍTICA
Título Ecossistema (Brazil)
ISSN - International Standard Serial Number ISSN 0100-4107
Partes relacionadas (Oct 1989), v. 14 p. 36-40
Número de controle do registro BR9211763
909 ## -
-- 202311
-- Lúcia
-- 55
-- Lúcia Elande
942 ## - ELEMENTOS DE ENTRADA ADICIONADOS (KOHA)
Fonte da classificação ou esquema de arquivamento na estante Classificação AGRIS
Ocultar no OPAC Não
Tipo de material Koha Analítica
Exemplares
Situação do descarte Fonte da classificação ou esquema de arquivamento na estante Situação física Não pode ser emprestado Biblioteca de origem Biblioteca atual Localização na estante Enumeração do periódico / cronologia Total de empréstimos Data de último acesso Número do exemplar Tipo de material Koha Fonte de aquisição
  Classificação AGRIS   Consulta local Biblioteca Nacional de Agricultura - Binagri Biblioteca Nacional de Agricultura - Binagri   (Oct 1989), v. 14 p. 36-40   29/11/2023 01 Periódicos Portaria Interministerial nº 164/94

BINAGRI

Telefone: (61)3218-2567/2388/3357/2097 - binagri@agro.gov.br

Ministério da Agricultura e Pecuária , Esplanada dos Ministérios, Bloco D, Anexo B, Brasília/DF, CEP: 70.043-900